[Event "Steinfurt Bezirksliga 1314"]
[Site "Germany"]
[Date "2013.11.09"]
[Round "3.1"]
[White "Santos Brito, Daniel"]
[Black "Kroeger, Christian"]
[Result "1-0"]
[WhiteElo "1948"]
[BlackElo "1390"]
[PlyCount "45"]
[EventDate "2013.09.14"]
[EventType "team-tourn"]
[EventRounds "9"]
[EventCountry "GER"]
[SourceTitle "EXT 2015"]
[Source "ChessBase"]
[SourceDate "2014.11.20"]
[SourceVersion "1"]
[SourceVersionDate "2014.11.20"]
[SourceQuality "1"]
[WhiteTeam "Neuenkirchen II"]
[BlackTeam "Steinfurt III"]
[WhiteTeamCountry "GER"]
[BlackTeamCountry "GER"]

1. e4 c6 2. d4 d5 3. exd5 cxd5 4. c4 Nf6 5. Nc3 Nc6 6. c5 g6 7. Bb5 Bg7 8. Bxc6+ bxc6 9. Qa4 Qc7 10. Nf3 0-0 11. Ne5 Bb7 12. 0-0 Nd7 13. f4 f6 14. Nxd5 cxd5 15. Qxd7 Qxd7 16. Nxd7 Rfd8 17. c6 Bxc6 18. Nc5 e5 19. Ne6 Rd7 20. fxe5 fxe5 21. Nxg7 Kxg7 22. dxe5 Rf8 23. Bh6+ 1-0

[Event "Steinfurt Bezirksliga 1314"]
[Site "Germany"]
[Date "2013.10.19"]
[Round "2.1"]
[White "Kroeger, Christian"]
[Black "Schudro, Vassilij"]
[Result "0-1"]
[WhiteElo "1390"]
[BlackElo "2095"]
[PlyCount "42"]
[EventDate "2013.09.14"]
[EventType "team-tourn"]
[EventRounds "9"]
[EventCountry "GER"]
[SourceTitle "EXT 2015"]
[Source "ChessBase"]
[SourceDate "2014.11.20"]
[SourceVersion "1"]
[SourceVersionDate "2014.11.20"]
[SourceQuality "1"]
[WhiteTeam "Steinfurt III"]
[BlackTeam "Emsdetten Turm III"]
[WhiteTeamCountry "GER"]
[BlackTeamCountry "GER"]

1. e4 c5 2. c3 Nf6 3. e5 Nd5 4. d4 cxd4 5. Nf3 Nc6 6. cxd4 e6 7. Nc3 Bb4 8. Bd2 Bxc3 9. bxc3 d6 10. Bb5 Nc7 11. Bxc6+ bxc6 12. 0-0 Ba6 13. exd6 Qxd6 14. Re1 f6 15. Qb3 0-0 16. Rab1 Rfe8 17. Nh4 Qd5 18. g3 Bc4 19. Qb7 Nb5 20. a4 Rab8 21. Rxb5 cxb5 0-1

[Event "Steinfurt Bezirksliga 1112"]
[Site "Germany"]
[Date "2011.11.26"]
[Round "3.6"]
[White "Reker, Yves"]
[Black "Kroeger, Christian"]
[Result "1-0"]
[WhiteElo "1474"]
[BlackElo "1325"]
[PlyCount "49"]
[EventDate "2011.10.01"]
[EventType "team-tourn"]
[EventRounds "9"]
[EventCountry "GER"]
[SourceTitle "EXT 2013"]
[Source "ChessBase"]
[SourceDate "2012.11.22"]
[SourceVersion "1"]
[SourceVersionDate "2012.11.22"]
[SourceQuality "1"]
[WhiteTeam "Rheine SG"]
[BlackTeam "Steinfurt III"]
[WhiteTeamCountry "GER"]
[BlackTeamCountry "GER"]

1. e4 c6 2. d4 d5 3. e5 Bf5 4. Bd3 Bxd3 5. Qxd3 e6 6. f4 c5 7. c3 Nc6 8. Ne2 Qb6 9. 0-0 Rc8 10. Be3 cxd4 11. cxd4 Qxb2 12. Nbc3 Qb6 13. f5 h5 14. fxe6 fxe6 15. Qg6+ Kd7 16. Rf7+ Nge7 17. Na4 Qb5 18. Nec3 Qc4 19. Nc5+ Kd8 20. Qxe6 Rc7 21. Qd6+ Kc8 22. Raf1 Nd8 23. Rxf8 Rxf8 24. Rxf8 Nec6 25. Nxd5 1-0

[Event "Steinfurt Bezirksklasse 1011"]
[Site "Germany"]
[Date "2011.02.26"]
[Round "7.4"]
[White "Lerch, Heinz"]
[Black "Kroeger, Christian"]
[Result "1/2-1/2"]
[WhiteElo "1477"]
[BlackElo "1355"]
[PlyCount "78"]
[EventDate "2010.09.25"]
[EventType "team-tourn"]
[EventRounds "9"]
[EventCountry "GER"]
[SourceTitle "EXT 2012"]
[Source "ChessBase"]
[SourceDate "2011.11.24"]
[SourceVersion "1"]
[SourceVersionDate "2011.11.24"]
[SourceQuality "1"]
[WhiteTeam "Saerbeck III"]
[BlackTeam "Steinfurt IV"]
[WhiteTeamCountry "GER"]
[BlackTeamCountry "GER"]

1. d4 d5 2. c4 Nf6 3. e3 e6 4. Nc3 c6 5. Qc2 Nbd7 6. Nf3 dxc4 7. Bxc4 Nb6 8. Bd3 h6 9. a3 Qc7 10. Bd2 Bd6 11. e4 e5 12. dxe5 Bxe5 13. Nxe5 Qxe5 14. f4 Qd4 15. Ne2 Qd7 16. h3 h5 17. Bc3 Qd8 18. 0-0-0 Be6 19. f5 Bd7 20. Nf4 Rh7 21. Rd2 Qc7 22. Ne2 0-0-0 23. Nd4 Be8 24. Nf3 Qe7 25. Rhd1 g6 26. a4 Nfd7 27. a5 Na8 28. Qb3 Nc5 29. Qc2 Nxd3+ 30. Rxd3 Rxd3 31. Qxd3 Nc7 32. Bb4 c5 33. Be1 Rh8 34. f6 Qd7 35. Qc3 Qc6 36. e5 Ne6 37. Rd6 Qc7 38. Kb1 Bc6 39. Bf2 Bxf3 1/2-1/2

[Event "Steinfurt Bezirksklasse 0405"]
[Site "Germany"]
[Date "2005.05.07"]
[Round "10.1"]
[White "Kroeger, Christian"]
[Black "Ulbricht Weiss, Wolfgang"]
[Result "1/2-1/2"]
[WhiteElo "1385"]
[BlackElo "1183"]
[PlyCount "34"]
[EventDate "2004.09.18"]
[EventType "team-tourn"]
[EventRounds "11"]
[EventCountry "GER"]
[SourceTitle "EXT 2006"]
[Source "ChessBase"]
[SourceDate "2005.11.24"]
[SourceVersion "1"]
[SourceVersionDate "2005.11.24"]
[SourceQuality "1"]
[WhiteTeam "Steinfurt III"]
[BlackTeam "Rheine CC"]
[WhiteTeamCountry "GER"]
[BlackTeamCountry "GER"]

1. e4 c5 2. Nf3 d6 3. d4 cxd4 4. Nxd4 Nc6 5. Nc3 Nf6 6. Be3 g6 7. Be2 Bg7 8. Qd2 0-0 9. 0-0-0 Ng4 10. Bxg4 Bxg4 11. f3 Bd7 12. Nb3 a6 13. Bh6 Rc8 14. Bxg7 Kxg7 15. h4 h6 16. f4 Be6 17. Rdf1 f5 1/2-1/2

[Event "Steinfurt Bezirksklasse 0304"]
[Site "Germany"]
[Date "2004.05.29"]
[Round "11.1"]
[White "Kroeger, Christian"]
[Black "Engfer, Klaus"]
[Result "1/2-1/2"]
[WhiteElo "1255"]
[BlackElo "1633"]
[PlyCount "127"]
[EventDate "2003.09.27"]
[EventType "team-tourn"]
[EventRounds "11"]
[EventCountry "GER"]
[SourceTitle "EXT 2005"]
[Source "ChessBase"]
[SourceDate "2004.11.15"]
[SourceVersion "1"]
[SourceVersionDate "2004.11.15"]
[SourceQuality "1"]
[WhiteTeam "Steinfurt IV"]
[BlackTeam "Rheine CC"]
[WhiteTeamCountry "GER"]
[BlackTeamCountry "GER"]

1. e4 e5 2. Nf3 Nc6 3. Bc4 Be7 4. Nc3 Nf6 5. d4 exd4 6. Nxd4 0-0 7. 0-0 Bb4 8. Nd5 Bc5 9. Nxc6 dxc6 10. Nxf6+ Qxf6 11. c3 Qg6 12. Re1 Bg4 13. Be2 Rad8 14. Qc2 Rfe8 15. Bxg4 Qxg4 16. Be3 Bd6 17. f3 Qh5 18. h3 Qg6 19. Rad1 Qg3 20. Kf1 Qh2 21. Bg1 Qh1 22. Qf2 b6 23. b4 g6 24. Rd2 Bf4 25. Rdd1 g5 26. Ke2 Be5 27. Rxd8 Rxd8 28. Rc1 h5 29. Rc2 h4 30. Qf1 Bh2 31. Be3 Qxf1+ 32. Kxf1 f6 33. Ke2 Kf7 34. Rd2 Rxd2+ 35. Kxd2 Ke6 36. Bd4 Bf4+ 37. Kc2 f5 38. exf5+ Kxf5 39. a4 Be5 40. Be3 Bf4 41. Bd4 Ke6 42. c4 a6 43. b5 axb5 44. cxb5 cxb5 45. axb5 Kd5 46. Kd3 c6 47. bxc6 Kxc6 48. Kc4 b5+ 49. Kb3 Bd2 50. Bf2 Bf4 51. Be1 Kd5 52. Bf2 Bd6 53. Be3 Bf4 54. Bf2 Bd6 55. Be3 Be7 56. Bf2 Ke5 57. g3 hxg3 58. Bxg3+ Kd4 59. h4 gxh4 60. Bxh4 Bd6 61. Be1 Ke3 62. Bb4 Bc7 63. Bc5+ Kxf3 64. Kb4 1/2-1/2

[Event "Steinfurt Bezirksklasse 0304"]
[Site "Germany"]
[Date "2003.09.27"]
[Round "1.1"]
[White "Koelking, Helmut"]
[Black "Kroeger, Christian"]
[Result "1/2-1/2"]
[WhiteElo "1398"]
[BlackElo "1255"]
[PlyCount "86"]
[EventDate "2003.09.27"]
[EventType "team-tourn"]
[EventRounds "11"]
[EventCountry "GER"]
[SourceTitle "EXT 2005"]
[Source "ChessBase"]
[SourceDate "2004.11.15"]
[SourceVersion "1"]
[SourceVersionDate "2004.11.15"]
[SourceQuality "1"]
[WhiteTeam "Steinfurt III"]
[BlackTeam "Steinfurt IV"]
[WhiteTeamCountry "GER"]
[BlackTeamCountry "GER"]

1. d4 d5 2. c4 Nf6 3. Nc3 e6 4. Nf3 Be7 5. g3 0-0 6. Bg2 dxc4 7. Qa4 Nbd7 8. Qxc4 Nb6 9. Qd3 Nbd5 10. a3 c6 11. 0-0 Re8 12. Bg5 h6 13. Bd2 c5 14. dxc5 Bxc5 15. Qc4 Bb6 16. Rad1 Qc7 17. Qh4 Nxc3 18. Bxc3 Nd5 19. Be5 Qe7 20. Qxe7 Rxe7 21. e4 Nf6 22. Bxf6 gxf6 23. Rd3 Bd7 24. Rfd1 Bc6 25. Nd4 Rd7 26. Nxc6 Rxd3 27. Rxd3 bxc6 28. e5 fxe5 29. Bxc6 Rd8 30. Rxd8+ Bxd8 31. h4 Bb6 32. Kg2 Kf8 33. b4 Ke7 34. f3 f6 35. g4 Kd6 36. b5 Ke7 37. Kf1 Kd6 38. Ke2 Kc5 39. Kd3 a6 40. a4 axb5 41. axb5 Kd6 42. Ke4 Bf2 43. h5 Bb6 1/2-1/2

[Event "Steinfurt Bezirksklasse 0203"]
[Site "Germany"]
[Date "2003.02.15"]
[Round "5.6"]
[White "Kroeger, Christian"]
[Black "Schneider, Richard2222"]
[Result "0-1"]
[WhiteElo "1359"]
[BlackElo "1551"]
[PlyCount "36"]
[EventDate "2002.09.28"]
[EventType "team-tourn"]
[EventRounds "7"]
[EventCountry "GER"]
[SourceTitle "EXT 2005"]
[Source "ChessBase"]
[SourceDate "2004.11.15"]
[SourceVersion "1"]
[SourceVersionDate "2004.11.15"]
[SourceQuality "1"]
[WhiteTeam "Steinfurt III"]
[BlackTeam "Emsdetten Rochade III"]
[WhiteTeamCountry "GER"]
[BlackTeamCountry "GER"]

1. e4 c5 2. Nf3 Nc6 3. d4 cxd4 4. Nxd4 e6 5. a3 Qb6 6. Nf3 Bc5 7. Qd2 Nf6 8. Bd3 d5 9. Nc3 Qa5 10. exd5 exd5 11. h3 0-0 12. 0-0 a6 13. Re1 Qc7 14. b4 Ba7 15. Bb2 Bxh3 16. gxh3 Qg3+ 17. Kh1 Qxh3+ 18. Nh2 Ng4 0-1